LIBRARY & INFORMATION CENTRE, KCAET, TAVANUR

ONLINE PUBLIC ACCESS CATALOGUE (OPAC)

Kozhivalarthal / (Record no. 10887)

MARC details
000 -LEADER
fixed length control field 00666cam a2200265ua 4500
041 ## - LANGUAGE CODE
Language code of text/sound track or separate title mal
082 ## - DEWEY DECIMAL CLASSIFICATION NUMBER
Classification number 636.5
Item number KOC/KO
100 ## - MAIN ENTRY--AUTHOR NAME
Personal name Kochu Govindan, A K .
245 ## - TITLE STATEMENT
Title Kozhivalarthal /
250 ## - EDITION STATEMENT
Edition statement 1 /
260 ## - PUBLICATION, DISTRIBUTION, ETC. (IMPRINT)
Place of publication Thiruvananthapuram :
Name of publisher State Instititute of Languages ,
Year of publication 1972.
300 ## - PHYSICAL DESCRIPTION
Number of Pages 304 ; .
700 1# - ADDED ENTRY--PERSONAL NAME
Personal name Gopalakrishnan Nair, R .
942 ## - ADDED ENTRY ELEMENTS (KOHA)
Koha item type Books
Holdings
Withdrawn status Lost status Damaged status Home library Current library Date acquired Full call number Accession Number Koha item type
      KAUAET KAUAET 07/04/2012 636.5 13551 Books
Withdrawn     KAUAET KAUAET 07/04/2012 636.5 13548 Books
      KAUAET KAUAET 07/04/2012 636.5 14440 Books
Withdrawn     KAUAET KAUAET 07/04/2012 636.5 14441 Books
      KAUAET KAUAET 07/04/2012 636.5 14442 Books
      KAUAET KAUAET 07/04/2012 636.5 13547 Books
      KAUAET KAUAET 07/04/2012 636.5 13550 Books
free website counter